000
00245nam a2200097Ia 4500
001
681554
005
20250826161402.0
008
250824s9999 xx 000 0 und d
245
0
_a
ÇEHOV DAN HİKAYELER
_c
ANTON ÇEHOV
260
_b
AKVARYUM YAYINEVİ
999
_c
681554
_d
681554